000 00599cam a22002171 4500
001 ne 64000673
003 DLC
005 20260227111757.0
008 890331s1963 xx 000 0 ara
010 _ane 64000673
035 _a(OCoLC)23498342
040 _aDLC
_cMiU
_dDLC
050 0 0 _aPJ6127
_b.A8 1963
100 1 _aʻAskarī, al-Ḥasan ibn ʻAbd Allāh,
_d906-993.
245 1 0 _aSharḥ mā yaqaʻu fīhi al-taṣḥīf.
260 _c[1963]
300 _a13, 578 p.
_c24 cm.
500 _aRomanized.
650 0 _aArabic language
_xOrthography and spelling.
830 0 _aTurāthunā.
999 _c46803
_d46803